Công cuộc tranh-đấu của phật-giáo Việt-Nam : từ Phật-đản đến cách-mạng 1963 /

Saved in:
Bibliographic Details
Main Author: Quốc Tuệ.
Format: Book
Language:Vietnamese
Published: [Saigon ]: the author, [1964]
Subjects:
Tags: Add Tag
No Tags, Be the first to tag this record!
LEADER 01055nam a2200289 a 4500
001 005486910-2
005 20020606163548.3
008 900928s1964 vm a 00010 vie d
035 0 |a ocm22578052 
035 1 |a MIVP90B8992 
040 |a VUCP  |c VUCP 
043 |a a-vt--- 
050 4 |a BL1445.V5  |b Q95 1964 
090 |a BL1445.V5  |b Q95 1963 
100 0 |a Quốc Tuệ. 
245 1 0 |a Công cuộc tranh-đấu của phật-giáo Việt-Nam :  |b từ Phật-đản đến cách-mạng 1963 /  |c Quốc-Tuệ. 
246 3 |a Công cuộc tranh đấu của phật giáo Việt Nam. 
260 |a [Saigon ]:  |b the author,  |c [1964] 
300 |a 543 p. :  |b ill. ;  |c 20 cm. 
500 |a In Vietnamese. 
650 0 |a Buddhism  |z Vietnam. 
650 0 |a Buddhism and politics. 
651 0 |a Vietnam  |x Politics and government  |y 1945-1975. 
651 0 |a Vietnam  |x Politics and government. 
776 0 8 |i Online version:  |a Quốc Tuệ.  |t Công cuộc tranh-đấu của Phật-giáo Việt-Nam.  |d [Saigon] : the Author, [1964]  |w (OCoLC)613149575 
988 |a 20020608 
906 |0 RLIN